000 00387nam a22001697a 4500
999 _c3503
_d3502
005 20211025160837.0
008 160622b xxu||||| |||| 00| 0 eng d
020 _a978-0-07-026437-3
041 _aeng
082 _b8937
100 _aLevy Michael and others
_92645
245 _aRetail Management
260 _bTMH
_c2008
300 _a689
650 _aManagement
_9241
942 _cBK